Places To Study

There are group study rooms, individual study carrels, computer labs, and other spaces to study in the Libraries.

Reserve A Group Room

Online Resources

Access thousands of eBooks, audiobooks, and online journals from the comfort of your home.

Explore Resources

Events and Workshops

Join our upcoming events and workshops to enhance your skills and knowledge.

View Events

စူဠဝါပါဠိတော်နိဿယ၊ (Record no. 2472)

MARC details
000 -LEADER
fixed length control field 01236nam a22002057a 4500
003 - CONTROL NUMBER IDENTIFIER
control field OSt
005 - DATE AND TIME OF LATEST TRANSACTION
control field 20251124131609.0
008 - FIXED-LENGTH DATA ELEMENTS--GENERAL INFORMATION
fixed length control field 251115b |||||||| |||| 00| 0 eng d
040 ## - CATALOGING SOURCE
Transcribing agency DCL
082 ## - DEWEY DECIMAL CLASSIFICATION NUMBER
Classification number ၂၉၄.၃၈၂၂၄
130 ## - MAIN ENTRY--UNIFORM TITLE
Uniform title တိပိဋက။
Name of part/section of a work ဝိနယပိဋက။
Title of a work စူဠဝဂ္ဂ၊
Language of a work ပါဠိတော်၊
Version နိဿယ။
245 ## - TITLE STATEMENT
Title စူဠဝါပါဠိတော်နိဿယ၊
Number of part/section of a work ဒုတိယတွဲ /
Statement of responsibility, etc. မြန်မာပြန်ဆိုသူ စံကျောင်းဆရာတော်။
264 ## - PRODUCTION, PUBLICATION, DISTRIBUTION, MANUFACTURE, AND COPYRIGHT NOTICE
Place of production, publication, distribution, manufacture ရန်ကုန် ၊
Name of producer, publisher, distributor, manufacturer ဣစ္ဆာသယစာပုံနှိပ်တိုက်၊
Date of production, publication, distribution, manufacture, or copyright notice ၁၉၆၉။
264 ## - PRODUCTION, PUBLICATION, DISTRIBUTION, MANUFACTURE, AND COPYRIGHT NOTICE
Place of production, publication, distribution, manufacture ရန်ကုန် ၊
Name of producer, publisher, distributor, manufacturer သိန်းထွန်းပုံနှိပ်တိုက်၊
Date of production, publication, distribution, manufacture, or copyright notice ၂၀၀၈။
300 ## - PHYSICAL DESCRIPTION
Extent င၊ ၂၉၂ စာမျက်နှာ ၊
Dimensions ၂၅ စင်တီ။
650 ## - SUBJECT ADDED ENTRY--TOPICAL TERM
Topical term or geographic name entry element စူဠဝါ
Form subdivision ပါဠိတော် နိဿယ။
650 ## - SUBJECT ADDED ENTRY--TOPICAL TERM
Topical term or geographic name entry element စူဠဝဂ္ဂ
Form subdivision ပါဠိတော် နိဿယ။
700 ## - ADDED ENTRY--PERSONAL NAME
Personal name စံကျောင်းဆရာတော်
Relator term မြန်မာပြန်ဆိုသူ
942 ## - ADDED ENTRY ELEMENTS (KOHA)
Source of classification or shelving scheme Dewey Decimal Classification
Koha item type Short Term
Suppress in OPAC No
Holdings
Withdrawn status Lost status Source of classification or shelving scheme Damaged status Not for loan Collection Accession No. Home library Current library Shelving location Date acquired Total checkouts Full call number Barcode Date last seen Price effective from Koha item type
    Dewey Decimal Classification     Myanmar Pitaka Collection ၂၈၄၀ Dhammadhara Dhammadhara Myanmar Pitaka Shelves 15/11/2025   ၂၉၄.၃၈၂၂၄ ဝိ ၂၈၄၀ MB00002840 15/11/2025 15/11/2025 Short Term
    Dewey Decimal Classification     Myanmar Pitaka Collection ၁၀၃၆ Dhammadhara Dhammadhara Myanmar Pitaka Shelves 15/11/2025   ၂၉၄.၃၈၂၂၄ ဝိ ၁၀၃၆ MB00001036 24/11/2025 15/11/2025 Short Term